000
00265nam a2200109Ia 4500
001
1276100
005
20260417160441.0
008
260417s9999 xx 000 0 und d
020
_a
9786255998873
245
0
_a
Mahzendeki Sır
_c
Aydın Hız
260
_b
Ketebe Genç
999
_c
1276100
_d
1276100